MARC

LEADER 00000nam0a2200000 4500
001 220074
005 20231101230315.0
020 |a RU  |b 85-69004 
035 |a (RuTPU)RU\TPU\book\240188 
090 |a 220074 
100 |a 20120809d1985 k y0rusy5003 ca 
101 0 |a rus 
102 |a RU 
105 |a af z 001zy 
200 1 |a Закономерности формирования скоплений нефти и газа в платформенных нефтегазоносных провинциях СССР  |e сборник научных трудов  |f Всесоюзный нефтяной научно-исследовательский геологоразведочный институт (ВНИГРИ) 
210 |a Ленинград  |c ВНИГРИ  |d 1985 
215 |a 187 с.  |c ил., 7 л. ил.  |d 21 см 
606 1 |a Нефтегазоносность  |x Происхождение  |2 stltpush  |3 (RuTPU)RU\TPU\subj\45618  |9 64811 
606 1 |a Нефтегазоносность  |x Перспективы  |2 stltpush  |3 (RuTPU)RU\TPU\subj\45608  |9 64801 
610 1 |a СССР 
610 1 |a нефтегазоносные провинции 
610 1 |a нефть 
610 1 |a газ 
610 1 |a скопления 
610 1 |a нефтяные залежи 
610 1 |a Сибирская платформа 
610 1 |a Тимано-Печорская нефтегазоносная провинция 
610 1 |a Западная Сибирь 
610 1 |a геолого-геохимические закономерности 
610 1 |a углеводороды 
610 1 |a формирование 
610 1 |a сохранение 
610 1 |a разрушение 
675 |a 552.578.2.061.3  |z rus  |v 3 
675 |a 553.98.041:551.24  |z rus  |v 3 
712 0 2 |a Всесоюзный нефтяной научно-исследовательский геологоразведочный институт (ВНИГРИ)  |c (Ленинград)  |c (1929-1991)  |2 stltpush  |3 (RuTPU)RU\TPU\col\7662 
801 0 |a RU  |b RuMRKP  |c 19950704  |g psbo 
801 1 |a RU  |b 63413507  |c 20120809 
801 2 |a RU  |b 63413507  |c 20161025  |g RCR 
942 |c BK